Dočolomanský spieval i vtipkoval v Kaviarni Špeciál sa včera spomínalo na krásne letné večery

Bibliographic Details
Main Author: Kiraľvargová, Dáša (Author)
Format: Article
Language:Slovak
PhysicalDescription:2 foto
Subjects:

MARC

LEADER 00000nab a2200000 a 4500
001 vtls000931650
003 SK-MaSNL
005 20260304201345.0
008 040720e20031014xo 0 slo
035 |a KE40527 
040 |a KEVKJB  |b slo  |c KEVKJB  |e AACR2 
041 0 |a slo 
044 |a xo  |c SK 
080 |a 784.66  |2 1981 
080 |a 7.097  |2 1981 
100 1 |a Kiraľvargová, Dáša  |4 aut  |9 872583 
245 1 0 |a Dočolomanský spieval i vtipkoval  |b v Kaviarni Špeciál sa včera spomínalo na krásne letné večery 
300 |b 2 foto 
650 0 7 |a populárna hudba  |2 KEVKJB  |9 3428 
650 0 7 |a televízne relácie  |2 SNKPH  |9 102040 
650 0 7 |a Kaviareň Špeciál (televízna relácia)  |2 KEVKJB  |9 1533133 
651 7 |a Košice (Slovensko)  |2 KEVKJB  |9 18694 
651 7 |a KE,  |2 KEVKJB  |9 877256 
655 7 |a periodikum  |2 snkbucl  |9 29553 
773 0 8 |t Košický večer  |g Roč. 14  |g Roč. 35, č.196, 14.10.2003, s. 8 
852 |a ZVYKNI  |b KIS3GCP 
999 |c 3094530  |d 3096460